000 00396nam a2200145Ia 4500
005 20251222151317.0
008 251222s9999||||xx |||||||||||||| ||spa||
020 _a9789589446836
082 _a615.836/C89
100 _aCristancho Gómez, William
245 0 _aFundamentos de Fisioterapia Respiratoria y Ventilación Mecánica
250 _a3ra. ed.
264 _bManual Moderno
942 _cLIB
999 _c23579
_d23579